000 01041cam a22002411i 4500
003 SA-RiAUC
005 20260204143359.0
008 260203s1997 ||| g i000 0 ara c
040 _aSA-JeALM
_bara
_cSA-RiAUC
_erda
082 0 4 _a250
090 _a250
_bع ط ي
100 1 _aعطية، هاني محيي الدين،
_d1961-2012
_eمؤلف.
245 1 0 _aنحو منهج لتنظيم المصطلح الشرعي :
_bمدخل معرفي معلوماتي /
_cهاني محيي الدين عطية.
250 _aالطبعة الاولى.
264 1 _aالقاهرة :
_bالمعهد العالمي للفكر الإسلامي،
_c1997
300 _a260 صفحة.
_c24 سم.
336 _aنص
_btxt
_2rdacontent
_3كتاب
337 _aبدون وسيط
_bn
_2rdamedia
490 0 _aسلسلة المنهجية الإسلامية / المعهد العالمي للفكر الإسلامي
_v15
650 7 _aالشريعة الإسلامية
_vمصطلحات
_2aucsh
942 _2ddc
_cBOOK
_n0
949 _aSA-JeALM
_d260203
_uosman123
_n1
999 _c14249
_d14249